Psychosen : Strukturen - Klinik - Produktionen.

Bibliographic Details
Main Author: Widmer, Peter.
Other Authors: Schmid, Michael.
Format: eBook
Language:German
Published: Bielefeld : transcript, 2015.
Edition:1st ed.
Series:Psychoanalyse
Subjects:
Online Access:Click to View
LEADER 02414nam a22003973i 4500
001 EBC6955714
003 MiAaPQ
005 20231204023222.0
006 m o d |
007 cr cnu||||||||
008 231204s2015 xx o ||||0 ger d
020 |a 9783839406618  |q (electronic bk.) 
020 |z 9783899426618 
035 |a (MiAaPQ)EBC6955714 
035 |a (Au-PeEL)EBL6955714 
035 |a (OCoLC)1049912439 
040 |a MiAaPQ  |b eng  |e rda  |e pn  |c MiAaPQ  |d MiAaPQ 
100 1 |a Widmer, Peter. 
245 1 0 |a Psychosen :  |b Strukturen - Klinik - Produktionen. 
250 |a 1st ed. 
264 1 |a Bielefeld :  |b transcript,  |c 2015. 
264 4 |c ©2015. 
300 |a 1 online resource (256 pages) 
336 |a text  |b txt  |2 rdacontent 
337 |a computer  |b c  |2 rdamedia 
338 |a online resource  |b cr  |2 rdacarrier 
490 1 |a Psychoanalyse 
505 0 |a Cover Psychosen: eine Herausforderung für die Psychoanalyse -- Inhalt -- Vorwort -- 1. Teil: Strukturen -- Psychose als Störung der Symbolisierungsfunktion -- Bemerkungen zu Schuld und Zeit in der Psychose -- Zur Diskussion des Autismus -- Paraphrenie - ein vergessenes Konzept Freuds -- 2. Teil: Klinik -- Zur Übertragung in der Psychose -- Zur Erfindung eines Namens - Gedanken zu Übertragung und Wort in der Psychose -- Zur Orientierung als Bedingung der Ich-Funktion -- Die Liebe des Psychotikers und was der Neurotiker und die Psychoanalyse daraus lernen können -- „Verliebt - verkannt - verrückt" -- 3. Teil: Produktionen -- Die Drogen-Protokolle Walter Benjamins -- Die Wahnsinnigen bei Büchner -- Die Verspottung des Wahnsinns. Zum Spätwerk von Franz Xaver Messerschmidt -- Penthesileas Tränen. Zum Fall der Psychose in Kleists Trauerspiel Penthesilea -- Zu den Autoren. 
588 |a Description based on publisher supplied metadata and other sources. 
590 |a Electronic reproduction. Ann Arbor, Michigan : ProQuest Ebook Central, 2023. Available via World Wide Web. Access may be limited to ProQuest Ebook Central affiliated libraries.  
655 4 |a Electronic books. 
700 1 |a Schmid, Michael. 
776 0 8 |i Print version:  |a Widmer, Peter  |t Psychosen: eine Herausforderung für die Psychoanalyse  |d Bielefeld : transcript,c2015  |z 9783899426618 
797 2 |a ProQuest (Firm) 
830 0 |a Psychoanalyse 
856 4 0 |u https://ebookcentral.proquest.com/lib/matrademy/detail.action?docID=6955714  |z Click to View